000 00704ntaaa2200217 4500
003 01
005 20251027201422.0
008 0714s1973 ag 01
040 _aAR-BaBN
_bspa
_cAR-BaBN
_eaacr
_dRIC
082 _a270.6000 P28
100 _aPauck, Wilhelm
_912553
245 _aHeritage of the reformaton
250 _aed.rev.enl
260 _as.l :
_bFree press of Gleneve,
_c1961
300 _ax, 399 p
500 _a"Provides protestants with a deeply insight ful look into the meaning of the protestant past with relation to the attemps to create a meaning-full christian faith for the present"
650 _aHistoria Eclesiastica
650 _aReforma
_95724
650 _aTeologia
942 _cBK
999 _c8728
_d8728